Представление документа в формате MARC21

Поле Инд. ПП Название Значение
Тип записи a
Библиографический уровень m
001 Контрольный номер RU/IS/BASE/318513581
005 Дата корректировки 20220728142048.8
040 b Код языка каталог. rus
041 0_ a Код языка текста rus
080 a Индекс УДК 004.42
084 a Индекс другой классификации/Индекс ББК 32.973
090 a Полочн. индекс 681.3
x Авторский знак Б89
097 b Оператор 11
100 1_ a Автор Брусенцов Л. В.
245 10 a Заглавие Метод теневого графика при аппаратурном анализе случайных процессов
260 a Место издания М.
b Издательство Энергия
c Дата издания 1977
300 a Объем 72 с.
440 _0 a Серия Библиотека по автоматике
n Номер части Вып. 572
510 0_ a Примечание о ссылках Книги и методические пособия
650 04 a Основная рубрика 50.05 Теоретические основы программирования
x Основная подрубрика 50.05.15 Теория и проблематика программирования для вычислительных сетей
653 0_ a Ключевые слова случайные процессы
901 t Тип документа m